Innovacin̤ y Reforma en el Derecho Administrativo

Bibliographic Details
Main Author: Assmann, Eberhard Schmidt
Other Authors: Vosskuhle, Andreas
Format: eBook
Language:Spanish
Published: Mx̌ico D.F. : Instituto Nacional de Administracin̤ Pb︢lica (INAP), 2006
Subjects:
Online Access:http://www.vlex.com/source/7366

MARC

LEADER 00000nam a22000007a 4500
005 20130304182734.0
007 cr|||| ||||
008 130304e2006 mx |||||s|||| 00||0 spa d
020 |a 978-84-7351-422-4 
035 |a 7366 
040 |a vLex 
090 |c 3826  |d 3826 
100 1 0 |a Assmann, Eberhard Schmidt  
245 1 0 |a Innovacin̤ y Reforma en el Derecho Administrativo  |h [Recurso electrn̤ico]  |c / Eberhard Schmidt Assmann, Andreas Vosskuhle  
256 |a Servicio en ln̕ea 
260 |a Mx̌ico D.F. :  |b Instituto Nacional de Administracin̤ Pb︢lica (INAP),   |c 2006 
300 |a 1 Recurso electrn̤ico 
506 |d vLex Global  |d vLex Global (Academic Edition, excluding Law Schools)  |d vLex Global (U.S. Academic Edition, Law Schools)  |d vLex Global (U.S. Academic Edition, excluding Law Schools)  |d vLex Global (Academic Edition, Law Schools) 
650 0 4 |a Derecho adminsitrativo 
700 1 0 |a Vosskuhle, Andreas  
740 |a vLex Libros (Servicio en ln̕ea) 
856 |a Acceso restringido  |u http://www.vlex.com/source/7366 
942 |c BOOK 
999 0 |a Administrative law